Culture Générale - Série 781 - Statistiques

Statistiques générales
  • Ce quiz a été pris 164 fois
  • Le résultat moyen est 8 sur 10
Statistiques - réponses
Question Réponse % Correct
Le mot composé désignant la manifestation organisée par des particuliers qui vendent de vieux objets est vide-... grenier
98%
Quelle chanteuse canadienne a interprété "My Heart Will Go On" pour le film "Titanic" ? Céline Dion
92%
Dans la France de l'Ancien Régime, sur quel condiment, l'impôt appelé "gabelle" portait-il ? sel
87%
Quelle fête, d'origine anglo-saxonne, est traditionnellement célébrée le 31 octobre, aux États-Unis ? Halloween
86%
Quel fleuve arrose la ville italienne de Turin ?
82%
Quel mot désigne à la fois une personne idiote et la spécialité charcutière de Vire et de Guéméné ? andouille
79%
Quelle ville de la Côte-d'Or abrite l'hôtel de Vogüé et l'ancien palais des ducs de Bourgogne ? Dijon
79%
En 1958, quelle actrice, prénommée Elizabeth, incarne la femme de Paul Newman dans le film "La Chatte sur un toit brûlant" ? Elizabeth Taylor
78%
Quel trouble entraîne une gêne de la vision de près, chez la plupart des gens de plus de 40 ans ? presbytie
69%
Dans l'émission radiophonique "Les Grosses Têtes", de quelle ville est originaire le personnage imaginaire et récurrent de Mme Bellepaire ? De Loches
31%
Aucun quiz correspondant
Distribution des résultats
% des personnes avec chaque résultat
Percentile par nombre de réponses
Votre historique - résultats
Vous n’avez pas pris ce quiz